| 000 | 00681nam a2200217Ii 4500 | ||
|---|---|---|---|
| 003 | JO-AjNU | ||
| 008 | 230606s9999||||xx |||||||||||||| ||und|| | ||
| 020 | _a978-0-13-214498-8 | ||
| 040 |
_aJO-AjNU _beng _erda _cJO-AjNU |
||
| 041 | _aeng | ||
| 050 | 1 | 4 | _aQA76.9.D3.E57.2011 |
| 100 | 3 |
_aElmasri,Ramez, _eauthor _9973 |
|
| 245 | 0 | 0 | _aDATAbases Systems MODEL languges Design And APPLICATION Programming |
| 250 | _a6 ed | ||
| 264 | 3 | 1 | _aPEARSON:NEWYORK,2013 |
| 300 | _a1154p | ||
| 336 |
_atext _btxt _2rdacontent |
||
| 337 |
_aunmediated _bn _2rdamedia |
||
| 338 |
_avolume _bnc _2rdacarrier |
||
| 650 | 4 |
_aDATAbases Systems MODEL languges Design And APPLICATION Prgramming _9974 |
|
| 999 |
_aE512 _c512 _d512 |
||